| 000 | 00475nam a2200181 a 4500 | ||
|---|---|---|---|
| 001 | 2682 | ||
| 003 | CDMR | ||
| 005 | 20131002135630.0 | ||
| 008 | 130130s1973||||||||||||||||||||||||||||d | ||
| 020 | _a8472222055 | ||
| 040 |
_aCDMR _bcat _cCDMR |
||
| 100 | 1 |
_aRodríguez Méndez, José María _9277 |
|
| 245 | 1 | 4 |
_aLos teleadictos _cJosé María Rodríguez Méndez |
| 250 | _a2a ed. | ||
| 260 |
_aBarcelona _c1973 _bLaia |
||
| 490 |
_aEdiciones de bolsillo _v93 |
||
| 942 |
_cMON _2udc |
||
| 999 |
_c2682 _d2682 |
||